000 02026cam a22004934i 4500
003 PE-LiUPU
005 20250731173551.0
008 150623s r 000 0 d
020 _a0664250181
035 _a(Sirsi) i9780664250188
040 _aPE-LiUPU
_bspa
_cPE-LiUPU
_erda
049 _aPRUA
082 0 4 _a225.66
_bN58
_221
245 0 4 _aThe new testament in its literary environment /
_cEditado por Wayne A. Meeks.
264 1 _aPhiladelphia :
_bThe Westminster press,
_c1987.
300 _a260 páginas ;
_c23 centímetros
336 _atext
_2rdacontent
337 _aunmediated
_2rdamedia
338 _avolume
_2rdacarrier
490 0 _aLibrary of early christianity ;
_v8
504 _aBibliografía al final de cada capítulo.
505 0 _aThe genre of the gospels. -The gospels as ancient biography. -Luke-Acts and ancient historiography. -The generic features of luke-acts. -Letters in the ancient world. -Early christian letters and homolies. -The apocalypse of John.
526 _aSEG42
526 _aSEG41
526 _aSEG40
526 _aSEG39
526 _aP94
526 _aP87
526 _aP86
526 _aP85
526 _aP77
526 _aP76
526 _aP35
630 _aBiblia.
_pN.T.
_xCrítica, interpretación, etc.
700 1 _aMeeks, Wayne A.,
_eed.
942 _2ddc
_cBOOK
949 _a200.08 L8
_wDEWEY
_c1
_i43188
_lCCODEBUL1
_mBUL
_r0
_sY
_tBOOK
_u2015-6-16
_xTEOLOGIA
_zUNKNOWN
_0COMPRA
_o.STAFF. Colección General
949 _a225.66 N58
_wDEWEY
_c1
_i43690
_lCCODEBUL1
_mBUL
_r0
_sY
_tBOOK
_u2015-6-24
_xTEOLOGIA
_PP35
_0COMPRA
_o.STAFF. Colección General
994 _aC0
_bPEPRU
596 _a1
999 _a200.08 L8
_wDEWEY
_c61148
_i43188
_f2021-11-9
_g5
_lCCODEBUL1
_mBUL
_r0
_sY
_tBOOK
_u2015-6-16
_xTEOLOGIA
_zUNKNOWN
_0COMPRA
_o.STAFF. Colección General
_d61148
999 _a225.66 N58
_wDEWEY
_c1
_i43690
_f2021-11-9
_g5
_lCCODEBUL1
_mBUL
_r0
_sY
_tBOOK
_u2015-6-24
_xTEOLOGIA
_PP35
_0COMPRA
_o.STAFF. Colección General
980 _81
_gALBERTO SANCHEZ Responsable de Automatización